Human Resource Management (Record no. 4451)

MARC details
000 -LEADER
fixed length control field 00329nam a2200145Ia 4500
008 - FIXED-LENGTH DATA ELEMENTS--GENERAL INFORMATION
fixed length control field 191201s2012 xx 000 0 und d
082 ## - DEWEY DECIMAL CLASSIFICATION NUMBER
Classification number 658.3
Item number DEH
100 ## - MAIN ENTRY--PERSONAL NAME
Personal name DESSLER,Gary
245 #0 - TITLE STATEMENT
Title Human Resource Management
250 ## - EDITION STATEMENT
Edition statement 11th
260 ## - PUBLICATION, DISTRIBUTION, ETC. (IMPRINT)
Place of publication, distribution, etc N. Delhi
Name of publisher, distributor, etc Pearson
Date of publication, distribution, etc 2012
300 ## - PHYSICAL DESCRIPTION
Extent 736
650 ## - SUBJECT ADDED ENTRY--TOPICAL TERM
Topical term or geographic name as entry element BBA
942 ## - ADDED ENTRY ELEMENTS (KOHA)
Source of classification or shelving scheme Dewey Decimal Classification
Koha item type Text Books
Holdings
Withdrawn status Lost status Source of classification or shelving scheme Damaged status Not for loan Collection code Home library Current library Date acquired Source of acquisition Cost, normal purchase price Bill Number Total Checkouts Full call number Acc. no. / Barcode Date last seen Bill Date Koha item type Date last borrowed Checked out Public note
    Dewey Decimal Classification     BBA PIET C-LIBRARY PIET C-LIBRARY 24/04/2010 J B C, New Delhi 499.00 SI-4892   658.3 DEH 15019 04/12/2019 09/03/2010 Text Books      
    Dewey Decimal Classification     BBA PIET C-LIBRARY PIET C-LIBRARY 24/04/2010 J B C, New Delhi 499.00 SI-4892 2 658.3 DEH 15020 13/01/2025 09/03/2010 Text Books 03/01/2025    
    Dewey Decimal Classification     BBA PIET C-LIBRARY PIET C-LIBRARY 24/04/2010 J B C, New Delhi 499.00 SI-4892   658.3 DEH 15021 04/12/2019 09/03/2010 Text Books      
    Dewey Decimal Classification     BBA PIET C-LIBRARY PIET C-LIBRARY 24/04/2010 J B C, New Delhi 499.00 SI-4892 2 658.3 DEH 15022 22/01/2022 09/03/2010 Text Books 22/01/2022 21/07/2022 .
    Dewey Decimal Classification     BBA PIET C-LIBRARY PIET C-LIBRARY 24/04/2010 J B C, New Delhi 499.00 SI-4892   658.3 DEH 15023 04/12/2019 09/03/2010 Text Books      
    Dewey Decimal Classification     BBA PIET C-LIBRARY PIET C-LIBRARY 24/04/2010 J B C, New Delhi 499.00 SI-4892   658.3 DEH 15024 04/12/2019 09/03/2010 Text Books      

Design & Developed by: PIET Central Library
R70 Miles Stone Pattikalyana Samalkha Panipat 132102
mail ID :- [email protected], Phone No:- 0180-2569700 Ex.216